|
|
|
|
| LEADER |
01657nam a2200301 a 4500 |
| 001 |
0020924 |
| 003 |
BD-DhAAL |
| 008 |
110419s1983 bg w 000 0 eng d |
| 040 |
|
|
|a BD-DhAAL
|c BD-DhAAL
|
| 082 |
0 |
0 |
|a 348.5492046
|2 22
|
| 130 |
0 |
|
|a DLR
|9 4099
|
| 245 |
0 |
4 |
|a The Dhaka law reports :
|b table of cases of the appellate division of the supreme court of Bangladesh.
|n Volume XXXV.
|
| 246 |
1 |
7 |
|a The Dhaka Law Reports.
|
| 260 |
|
|
|a Dhaka :
|b Dacca Law Reports,
|c 1983.
|
| 300 |
|
|
|a 367, 451, 250, p. :
|c 25 cm
|
| 362 |
0 |
|
|a Vol. 35 (1982)
|
| 500 |
|
|
|a "A journal of law reports."
|
| 500 |
|
|
|a Latest issue consulted: Vol.XXXV, January to December, 1983
|
| 526 |
|
|
|a SOL
|x Saira Rahman Khan,
Associate Professor
School of Law
BRAC University
|
| 541 |
|
|
|e 0020924, 0022320
|a Anupam Gyan Bhandar
|
| 590 |
|
|
|a Published yearly.
|
| 650 |
|
0 |
|a Law reports, digests, etc.
|z Bangladesh.
|9 4100
|
| 852 |
4 |
|
|a Ayesha Abed Library
|c Reference Section
|
| 942 |
|
|
|2 ddc
|c 1HOUR
|0 1
|
| 999 |
|
|
|c 10726
|d 10726
|
| 952 |
|
|
|0 0
|1 0
|2 ddc
|4 0
|6 348_549204600000000_DHA
|7 0
|8 REF
|9 16141
|a BRACUL
|b BRACUL
|c REF
|d 2011-04-19
|l 5
|o 348.5492046 DHA
|p 3010022320
|r 2014-03-06
|s 2014-03-06
|t 2
|w 2011-04-19
|y 1HOUR
|x Available
|
| 952 |
|
|
|0 0
|1 0
|2 ddc
|4 0
|6 348_549204600000000_DHA
|7 0
|8 REF
|9 24015
|a BRACUL
|b BRACUL
|c REF
|d 2014-03-24
|e Anupam Gyan Bhandar
|l 9
|o 348.5492046 DHA
|p 3010020924
|r 2017-11-29
|s 2017-11-29
|t 1
|w 2014-03-24
|y 1HOUR
|x Requisitioned by Saira Rahman Khan, Associate Professor, School of Law, BRAC University.
|
| 952 |
|
|
|0 0
|1 0
|2 ddc
|4 0
|6 348_549200000000000_046_DHA
|7 0
|8 REF
|9 54201
|a BRACUL
|b BRACUL
|c REF
|d 2015-06-09
|g 994.00
|l 5
|o 348.5492046 DHA
|p 3010029141
|r 2020-03-15
|s 2020-03-15
|t 3
|w 2015-06-09
|y 1HOUR
|